000 00875cam a2200241 i 4500
003 SA-RiAUC
005 20241210142027.0
008 241208s1989 le g e 00000cara c
040 _aSA-RiAUC
_bara
_cSA-RiAUC
_erda
082 0 4 _a920.99
_qSA-RiAUC
090 _a920.99
_b ب د و
100 1 _aبدوي، عبد الرحمن،
_d1917-2002
_eمؤلف.
245 1 0 _aموسوعة المستشرقين /
_cعبد الرحمن بدوي.
250 _aالطبعة الثانية.
264 1 _aبيروت :
_bدار العلم للملايين،
_c1989
300 _a446 صفحة ؛
_c28 سم
336 _aنص
_btxt
_2rdacontent
_3كتاب
337 _aبدون وسيط
_bn
_2rdamedia
338 _aمجلد
_bnc
_2rdacarrier
650 7 _aالاستشراق والمستشرقون
_vتراجم
_2aucsh
942 _2ddc
_cBOOK
_n0
949 _aSA-JeALM
_d241208
_uosman123
_n1
999 _c3278
_d3278